Normal view
MARC view
- Isamic Names Dictionary
Entry Topical Term
001 - CONTROL NUMBER
- control field: 125220
003 - CONTROL NUMBER IDENTIFIER
- control field: NUST
005 - DATE AND TIME OF LATEST TRANSACTION
- control field: 20240820093424.0
008 - FIXED-LENGTH DATA ELEMENTS
- fixed length control field: 240820|| aca||aabn | a|a d
040 ## - CATALOGING SOURCE
- Original cataloging agency: NUST
- Transcribing agency: NUST
150 ## - HEADING--TOPICAL TERM
- Topical term or geographic name entry element: Isamic Names Dictionary
670 ## - SOURCE DATA FOUND
- Source citation: Work cat.: (NUST): Masood Mufti 9766, Isamic Names Dictionary, 2002.
